De la justice dans la revolution et dans l´église / (Record no. 162647)

MARC details
000 -LEADER
campo de control de longitud fija 01054nam a22002535i 4500
001 - NÚMERO DE CONTROL
campo de control 162647
003 - IDENTIFICADOR DE NÚMERO DE CONTROL
campo de control ES-MaACL
005 - FECHA Y HORA DE LA ÚLTIMA TRANSACCIÓN
campo de control 20250804062755.0
008 - DATOS DE LONGITUD FIJA--INFORMACIÓN GENERAL
campo de control de longitud fija 981127s1860 be |||| | fre d
040 ## - FUENTE DE CATALOGACIÓN
Centro catalogador/agencia de origen CCPB | B
Lengua de catalogación spa
Centro/agencia transcriptor CCPB | B
100 1# - ENTRADA PRINCIPAL--NOMBRE DE PERSONA
Nombre de persona Proudhon, Pierre-Joseph.
9 (RLIN) 94052
245 10 - MENCIÓN DEL TÍTULO
Título De la justice dans la revolution et dans l´église /
Mención de responsabilidad, etc. par P. J. Proudhon.
250 ## - MENCION DE EDICION
Mención de edición Nouvelle ed., rev., corr. et augm.
260 ## - PUBLICACIÓN, DISTRIBUCIÓN, ETC.
Lugar de publicación, distribución, etc. Bruxelles ;
-- Leipzig :
Nombre del editor, distribuidor, etc. A. Schnèe Èditeur :
-- A. N. Lebègue et C\pie\s, imp.- édit.,
Fecha de publicación, distribución, etc. 1860.
300 ## - DESCRIPCIÓN FÍSICA
Extensión 3 v. ;
Dimensiones 18 cm.
490 1# - MENCIÓN DE SERIE
Mención de serie Essais d´une philosophie populaire ;
Designación de volumen o secuencia 1-12
505 8# - NOTA DE CONTENIDO CON FORMATO
Nota de contenido con formato Contiene 12 estudios correspondientes a los 12 números de la serie
650 #7 - PUNTO DE ACCESO ADICIONAL DE MATERIA--TÉRMINO DE MATERIA
Término de materia o nombre geográfico como elemento de entrada Filosofía
Fuente del encabezamiento o término embne
9 (RLIN) 12802
752 ## - ENTRADA AGREGADA--NOMBRE JERÁRQUICO DEL LUGAR
País o entidad superior Bélgica -
Ciudad Bruselas
752 ## - ENTRADA AGREGADA--NOMBRE JERÁRQUICO DEL LUGAR
País o entidad superior Alemania -
Ciudad Leipzig
830 0# - PUNTO DE ACCESO ADICIONAL DE SERIE-TÍTULO UNIFORME
Título uniforme Essais d´une philosophie populaire ;
Designación de volumen o secuencia 1-12
9 (RLIN) 222212
852 ## - LOCALIZACIÓN
Ubicación ES-MaACL
Número de control de estantería D-1828
Nota libre -- Rúst.
-- -- Legado de Modesto de la Fuente
condición física -- Sólo el estudio sexto : Le travail (172 p.)
Holdings
Estatus retirado Estado de pérdida Estado de daño No para préstamo Colección Biblioteca de origen Biblioteca actual Ubicación en estantería Fecha de adquisición Fuente de adquisición Total de préstamos Signatura topográfica completa Código de barras Visto por última vez Precio de reemplazo Tipo de ítem Koha
        Libros del s. XIX Biblioteca del Ateneo de Madrid Biblioteca del Ateneo de Madrid Sala Valle Inclán 17/01/2008     D-1828 901170397 23/02/2023 23/02/2023 Libro impreso antiguo